000
00305nam a2200109 4500
999
_c
516033
_d
516033
082
_a
TNC I51 K29
100
_a
Knapp, John, G. Charter, Jimmy.
_9
22335
245
_a
For the common good
260
_a
London
_b
Praeger
_c
2007
300
_a
174p,
650
_a
Leadership – Moral and ethical aspects
_9
22336